000 00210nam a22000857a 4500
008 170614b xxu||||| |||| 00| 0 eng d
100 _93408
_aSally. V. K
245 _aScience - VI
260 _aNew Delhi
_bG. B. P
_c2009
999 _c6770
_d6770